000 00858nam a22002177a 4500
001 00180
003 DO-SdBNP
005 20180315113236.0
007 00180
008 160413b dr 1987||||| |||| 00| 0 spa d
040 _aBPMSU
_bspa
_cBPMSU
092 _axxxxxxxxx
_bxxxxxxxxx
100 1 _aMarcelo, Nidia
245 1 _aAlgebra elemental 1 /
_bNidia Marcelo
260 _aSanto Domingo :
_bSusaeta,
_c1987.
300 _a184 p. :
_c25 cm.
505 _gCapítulo 1 --
_tNociones de lógica simbólica --
_tExpresiones algebraicas --
_tAdición y sustraccion de expresiones algebraicas --
_tLa multiplicación de expresiones algebraicas --
_tEcuaciones enteras de primer grado con una incógnita --
_tLa factorización --
_tPotenciación y radiación --
_tEcuaciones.
942 _2ddc
_cBK
945 _a Remanejado para la BNPHU / 2018 VM
956 _aBrenda Tavárez
999 _c9730
_d9730